[Event "Metz op"]
[Site "Metz FRA"]
[Date "2005.04.17"]
[Round "2"]
[White "Spraggett, Kevin"]
[Black "Julian, Stephane"]
[Result "1-0"]
[WhiteElo "2585"]
[BlackElo "2142"]
[PlyCount "89"]
[EventDate "2005.04.16"]
[EventType "swiss"]
[EventRounds "9"]
[EventCountry "FRA"]
[Source "Mark Crowther"]
[SourceDate "2005.05.02"]

1. e4 c5 2. Nf3 d6 3. c3 e5 4. d4 exd4 5. cxd4 Nf6 6. Nc3 Be7 7. d5 O-O 8. Be2
Bg4 9. O-O Nbd7 10. Nd2 Bxe2 11. Qxe2 Ne8 12. Nc4 Bf6 13. Bf4 Ne5 14. Ne3 a6
15. a4 Ng6 16. Bg3 Bh4 17. Bxh4 Qxh4 18. g3 Qd8 19. f4 Nf6 20. Nc4 Re8 21. Qf3
b6 22. Rae1 Rb8 23. e5 dxe5 24. fxe5 b5 25. axb5 axb5 26. exf6 Rxe1 27. Rxe1
bxc4 28. fxg7 Kxg7 29. h4 Qf6 30. Qe2 Qd4+ 31. Kh1 Qd3 32. Qf2 Qd4 33. Qe2 Qd3
34. Qg2 h5 35. Rd1 Qf5 36. d6 Ne5 37. Rd5 Qe6 38. Kg1 f6 39. Qe2 Qg4 40. Qxg4+
hxg4 41. Na4 Kg6 42. d7 Rd8 43. Nxc5 Kf7 44. Kf2 Ke7 45. Ke3 1-0

[Event "Metz op"]
[Site "Metz FRA"]
[Date "2005.04.18"]
[Round "3"]
[White "Collas, Silvia"]
[Black "Spraggett, Kevin"]
[Result "0-1"]
[WhiteElo "2381"]
[BlackElo "2585"]
[PlyCount "72"]
[EventDate "2005.04.16"]
[EventType "swiss"]
[EventRounds "9"]
[EventCountry "FRA"]
[Source "Mark Crowther"]
[SourceDate "2005.05.02"]

1. Nf3 Nf6 2. c4 b6 3. g3 c5 4. Nc3 Bb7 5. Bg2 e6 6. O-O Be7 7. Re1 d6 8. e4
Nbd7 9. d4 cxd4 10. Nxd4 Qc7 11. f4 Rd8 12. Be3 a6 13. Rc1 O-O 14. Bf2 Qb8 15.
Qe2 Qa8 16. Rcd1 Rfe8 17. g4 g6 18. Nc2 Rc8 19. Bg3 Rc7 20. f5 Ne5 21. g5 Nh5
22. f6 Bf8 23. Ne3 Nxg3 24. hxg3 Rec8 25. Rd4 Qa7 26. Red1 Bc6 27. Kh2 b5 28.
cxb5 Bxb5 29. Nxb5 axb5 30. a3 Rc5 31. Ng4 Rc2 32. R4d2 Nxg4+ 33. Qxg4 Qe3 34.
Qf4 Qb3 35. e5 d5 36. Bxd5 Qxd5 0-1

[Event "Metz op"]
[Site "Metz FRA"]
[Date "2005.04.19"]
[Round "4"]
[White "Spraggett, Kevin"]
[Black "Collas, Didier"]
[Result "1-0"]
[WhiteElo "2585"]
[BlackElo "2417"]
[PlyCount "127"]
[EventDate "2005.04.16"]
[EventType "swiss"]
[EventRounds "9"]
[EventCountry "FRA"]
[Source "Mark Crowther"]
[SourceDate "2005.05.02"]

1. e4 c5 2. Nf3 d6 3. d4 Nf6 4. Nc3 cxd4 5. Nxd4 a6 6. Bg5 e6 7. f4 Be7 8. Qe2
h6 9. Bh4 Nxe4 10. Bxe7 Nxc3 11. Qc4 Kxe7 12. Qxc3 Re8 13. O-O-O Kf8 14. Bc4 d5
15. Bb3 Nd7 16. Rhe1 Nf6 17. Kb1 Kg8 18. g4 Nxg4 19. Rg1 e5 20. fxe5 Rxe5 21.
Qg3 Re3 22. Qg2 Re4 23. Ne2 Qg5 24. Nc3 Ne3 25. Qxg5 hxg5 26. Nxe4 Nxd1 27.
Nxg5 Ne3 28. Re1 d4 29. Nxf7 Bf5 30. Nd6+ Kh7 31. Nxf5 Nxf5 32. Bd5 Rb8 33. Be4
g6 34. Rf1 Nd6 35. Bd3 Re8 36. a4 Kg7 37. Rg1 Ne4 38. Rg4 Nf2 39. Rxg6+ Kf7 40.
Rd6 Re1+ 41. Ka2 Nxd3 42. cxd3 Rh1 43. Rxd4 Rxh2 44. Rd7+ Ke8 45. Rxb7 Rh6 46.
Rc7 Kd8 47. Rc4 Kd7 48. Kb3 Rh1 49. Kb4 Rh3 50. Rc3 Rh5 51. Rc5 Rh2 52. b3 Rh3
53. Ka5 Rxd3 54. b4 Rd6 55. b5 axb5 56. axb5 Rh6 57. b6 Rh1 58. b7 Ra1+ 59. Kb6
Rb1+ 60. Ka7 Ra1+ 61. Kb8 Rb1 62. Ra5 Rb2 63. Ka8 Kc7 64. Ra7 1-0

[Event "Metz op"]
[Site "Metz FRA"]
[Date "2005.04.21"]
[Round "6"]
[White "Spraggett, Kevin"]
[Black "Shchekachev, Andrei"]
[Result "1-0"]
[WhiteElo "2585"]
[BlackElo "2526"]
[PlyCount "81"]
[EventDate "2005.04.16"]
[EventType "swiss"]
[EventRounds "9"]
[EventCountry "FRA"]
[Source "Mark Crowther"]
[SourceDate "2005.05.02"]

1. e4 e5 2. Nf3 Nc6 3. Bb5 a6 4. Ba4 Nf6 5. O-O Be7 6. Re1 b5 7. Bb3 O-O 8. a4
b4 9. d3 d6 10. a5 Be6 11. Nbd2 h6 12. Nc4 Rb8 13. h3 Nd7 14. Be3 Bf6 15. c3
bxc3 16. bxc3 Ne7 17. Qc2 d5 18. Ncd2 c6 19. Ba2 Ng6 20. d4 Kh8 21. dxe5 Ndxe5
22. Nd4 Bg5 23. Nxe6 fxe6 24. exd5 Bxe3 25. Rxe3 Qh4 26. Nf1 exd5 27. Bb1 Kg8
28. Rg3 Rf6 29. Ra4 Qxa4 30. Qxa4 Rxb1 31. Qa2 Rb8 32. Re3 Nc4 33. Re2 Nf4 34.
Rc2 Rg6 35. Ne3 Re8 36. Kh2 Nxe3 37. fxe3 Rxe3 38. Qb1 Rf6 39. Rf2 Rf8 40. Qb4
Re4 41. Qb6 1-0

[Event "Metz op"]
[Site "Metz FRA"]
[Date "2005.04.23"]
[Round "8"]
[White "Spraggett, Kevin"]
[Black "Djuric, Stefan"]
[Result "1-0"]
[WhiteElo "2585"]
[BlackElo "2459"]
[PlyCount "80"]
[EventDate "2005.04.16"]
[EventType "swiss"]
[EventRounds "9"]
[EventCountry "FRA"]
[Source "Mark Crowther"]
[SourceDate "2005.05.02"]

1. e4 c6 2. d4 d5 3. e5 Bf5 4. Be3 Qb6 5. Qc1 e6 6. c4 Bxb1 7. Rxb1 Bb4+ 8. Kd1
dxc4 9. Bxc4 Nh6 10. a3 Be7 11. Bxh6 gxh6 12. Nf3 Nd7 13. Ke2 O-O-O 14. Re1 c5
15. Kf1 cxd4 16. Bxe6+ Kb8 17. Bxf7 Nc5 18. Qc4 Rhf8 19. Red1 d3 20. b4 Na4 21.
Rb3 Rc8 22. Qe6 Rc2 23. Qxb6 axb6 24. e6 Nb2 25. Rb1 d2 26. Nxd2 Rxd2 27. R1xb2
Rd1+ 28. Ke2 Rfd8 29. Rc2 b5 30. g3 R8d5 31. Rbc3 R1d4 32. f4 Re4+ 33. Kf3 Re1
34. Rc8+ Ka7 35. Re2 Ra1 36. Re3 Rf1+ 37. Ke4 Rfd1 38. Rc7 Bf6 39. e7 R5d4+ 40.
Kf5 Bxe7 1-0

[Event "Seville op"]
[Site "Seville ESP"]
[Date "2005.01.15"]
[Round "9"]
[White "Spraggett, Kevin"]
[Black "Barrero Garcia, Carlos"]
[Result "1-0"]
[WhiteElo "2589"]
[BlackElo "2292"]
[PlyCount "81"]
[EventDate "2005.01.07"]
[EventType "swiss"]
[EventRounds "9"]
[EventCountry "ESP"]
[Source "ChessBase"]
[SourceDate "2005.01.01"]

1. e4 e6 2. d4 d5 3. Nc3 Nf6 4. Bg5 dxe4 5. Nxe4 Be7 6. Bxf6 gxf6 7. Nf3 b6 8.
Bd3 Bb7 9. O-O Nd7 10. Qe2 c6 11. c4 Qc7 12. Rfe1 O-O-O 13. Nc3 Kb8 14. a3 Qf4
15. g3 Qg4 16. Qe3 h5 17. Be2 Qg7 18. Nh4 Bd6 19. Ne4 Bc7 20. f4 f5 21. Ng5 Nf8
22. Rad1 Ng6 23. Nxg6 Qxg6 24. h4 Rhe8 25. Kh2 f6 26. Nf3 Rd7 27. b4 Rg7 28.
Rg1 Qh6 29. d5 cxd5 30. cxd5 e5 31. d6 Bd8 32. Nd4 Be4 33. Ba6 exd4 34. Rc1 Bc7
35. Qxd4 Bxd6 36. Qxd6+ Ka8 37. Rgd1 Rgg8 38. Rc7 Qg6 39. Rd3 Qg4 40. Rdc3 Rd8
41. Qxd8+ 1-0

[Event "Abe Yanofsky mem"]
[Site "Winnipeg CAN"]
[Date "2004.09.04"]
[Round "2"]
[White "Spraggett, Kevin"]
[Black "Khedkar, Jay"]
[Result "1-0"]
[WhiteElo "2610"]
[BlackElo "1948"]
[PlyCount "39"]
[EventDate "2004.09.04"]
[EventType "swiss"]
[EventRounds "6"]
[EventCountry "CAN"]

1. e4 c5 2. Nf3 Nc6 3. d4 cxd4 4. Nxd4 Nf6 5. Nc3 d6 6. Bg5 e6 7. Qd2 Be7 8.
O-O-O a6 9. f3 Qc7 10. Kb1 Bd7 11. h4 b5 12. Nxc6 Bxc6 13. Ne2 d5 14. e5 Nd7
15. Bxe7 Kxe7 16. f4 Rhd8 17. Nd4 Rac8 18. Bd3 h6 19. Qb4+ Ke8 20. Nxe6 1-0

[Event "POR-Tch"]
[Site "Gaia POR"]
[Date "2004.08.02"]
[Round "1.31"]
[White "Bartel, Mateusz"]
[Black "Spraggett, Kevin"]
[Result "1/2-1/2"]
[WhiteElo "2501"]
[BlackElo "2584"]
[PlyCount "117"]
[EventDate "2004.08.02"]
[EventType "team"]
[EventCountry "POR"]
[Source "LesEchecs.com"]
[SourceDate "2003.03.18"]

1. e4 c5 2. Nf3 e6 3. d4 cxd4 4. Nxd4 a6 5. Bd3 Nf6 6. Qe2 d6 7. O-O Nbd7 8. b3
Qc7 9. Bb2 g6 10. Nd2 e5 11. N4f3 Be7 12. a4 b6 13. a5 b5 14. b4 Bb7 15. c4
bxc4 16. Bxc4 O-O 17. Rac1 Qb8 18. Qe3 Kg7 19. Rfe1 Qa7 20. Qb3 h6 21. h3 Rab8
22. Bc3 Rbc8 23. Re3 Rc7 24. Rce1 Bc6 25. Nf1 Qb7 26. Ng3 Bb5 27. Bxb5 Qxb5 28.
Nh4 Kh7 29. Bd2 Ng8 30. Nf3 Ngf6 31. Rc3 Rxc3 32. Qxc3 Re8 33. Qb3 d5 34. exd5
Qxd5 35. Qe3 Bf8 36. Ne4 Bg7 37. Nxf6+ Nxf6 38. Bc3 Nd7 39. h4 Kg8 40. Qe2 Qc6
41. Ba1 Re6 42. Qd2 Rd6 43. Qe3 Rd5 44. Rc1 Qd6 45. Rc8+ Kh7 46. Bc3 Rd1+ 47.
Ne1 h5 48. Qf3 Nf6 49. Rc6 Qd8 50. Rxa6 Rb1 51. Ra7 Qd5 52. Qxd5 Nxd5 53. Bd2
Bh6 54. Bxh6 Rxe1+ 55. Kh2 Kxh6 56. b5 Rb1 57. b6 Nxb6 58. axb6 Rxb6 59. Rxf7
1/2-1/2

[Event "POR-Tch"]
[Site "Gaia POR"]
[Date "2004.08.05"]
[Round "4.21"]
[White "Spraggett, Kevin"]
[Black "Galego, Luis"]
[Result "1/2-1/2"]
[WhiteElo "2584"]
[BlackElo "2359"]
[PlyCount "154"]
[EventDate "2004.08.02"]
[EventType "team"]
[EventCountry "POR"]
[Source "LesEchecs.com"]
[SourceDate "2003.03.18"]

1. e4 c5 2. Nf3 e6 3. d4 cxd4 4. Nxd4 a6 5. c4 Nf6 6. Nc3 Qc7 7. a3 Nc6 8. Be3
Nxd4 9. Bxd4 d6 10. Rc1 Be7 11. Be2 O-O 12. O-O Bd7 13. Qd2 Rac8 14. Rfd1 e5
15. Be3 h6 16. f3 Qb8 17. a4 Be6 18. b3 Rfe8 19. Kh1 Nd7 20. Rf1 Nc5 21. Rb1 a5
22. Bd1 b6 23. Bc2 Qc7 24. Rbd1 Rcd8 25. f4 exf4 26. Bxf4 Bf6 27. Nb5 Qc6 28.
Rde1 Be5 29. Re3 g5 30. Bg3 Bxg3 31. hxg3 Bg4 32. Nc3 Re5 33. Nd5 Nd7 34. Bd1
Bxd1 35. Qxd1 Re6 36. Ref3 Ne5 37. Rf6 Kg7 38. Qh5 Rxf6 39. Rxf6 Rh8 40. Rf1
Re8 41. Ne3 Rh8 42. Nf5+ Kf8 43. Qd1 h5 44. Nxd6 h4 45. g4 h3 46. Qd5 hxg2+ 47.
Kxg2 Qxd5 48. exd5 Rh4 49. Rf5 Rxg4+ 50. Kh3 Rh4+ 51. Kg3 Rh6 52. Rxe5 Rxd6 53.
Rxg5 Rh6 54. Re5 Rh1 55. Re3 Rf1 56. Kg2 Rf6 57. Rc3 Ke7 58. c5 bxc5 59. Rxc5
Ra6 60. Kf3 Rh6 61. Rc7+ Kd8 62. Rxf7 Rh3+ 63. Ke4 Rxb3 64. Ke5 Rb4 65. Rf4 Kd7
66. Rf7+ Kc8 67. Kd6 Rxa4 68. Rf8+ Kb7 69. Kd7 Re4 70. d6 a4 71. Rf1 Kb6 72.
Rb1+ Kc5 73. Kc7 Rd4 74. d7 Kc4 75. Rh1 Kb3 76. Rh3+ Kb2 77. Rh2+ Kb3 1/2-1/2

[Event "POR-Tch"]
[Site "Gaia POR"]
[Date "2004.08.07"]
[Round "6.11"]
[White "Pinheiro, Jose P"]
[Black "Spraggett, Kevin"]
[Result "0-1"]
[WhiteElo "2314"]
[BlackElo "2584"]
[PlyCount "88"]
[EventDate "2004.08.02"]
[EventType "team"]
[EventCountry "POR"]
[Source "LesEchecs.com"]
[SourceDate "2003.03.18"]

1. g3 Nf6 2. Bg2 d5 3. c4 e6 4. Nf3 Be7 5. O-O O-O 6. d4 Nbd7 7. Qc2 c6 8. Nbd2
b6 9. e4 Bb7 10. e5 Ne8 11. b3 Rc8 12. Bb2 c5 13. Rad1 Nc7 14. Rfe1 h6 15. Qb1
Re8 16. Nf1 b5 17. Ne3 bxc4 18. bxc4 Nb6 19. Ba3 cxd4 20. Bxe7 Qxe7 21. Nxd4
Red8 22. Rc1 Ba8 23. Qa1 Nxc4 24. Nxc4 dxc4 25. Bxa8 Nxa8 26. Nb5 Nb6 27. Nd6
Rc5 28. Qd4 Qc7 29. Qh4 c3 30. Nb7 Rd2 31. Nxc5 Qxc5 32. Qf4 Nd5 33. Qf3 Rxa2
34. Re2 Rxe2 35. Qxe2 a5 36. Qc2 g6 37. Kg2 Qd4 38. Qe2 a4 39. Rb1 a3 40. Rb8+
Kg7 41. Rb7 Nf4+ 42. gxf4 Qd5+ 43. Kg3 Qxb7 44. Qc4 Qb1 0-1

[Event "POR-Tch"]
[Site "Gaia POR"]
[Date "2004.08.08"]
[Round "7.51"]
[White "Spraggett, Kevin"]
[Black "Matamoros Franco, Carlos"]
[Result "1/2-1/2"]
[WhiteElo "2584"]
[BlackElo "2514"]
[PlyCount "74"]
[EventDate "2004.08.02"]
[EventType "team"]
[EventCountry "POR"]
[Source "LesEchecs.com"]
[SourceDate "2003.03.18"]

1. e4 e6 2. d4 d5 3. Nc3 Nf6 4. e5 Nfd7 5. f4 c5 6. Nf3 Nc6 7. Be3 cxd4 8. Nxd4
Bc5 9. Qd2 O-O 10. O-O-O a6 11. Qf2 Bxd4 12. Bxd4 b5 13. Be3 b4 14. Ne2 a5 15.
Kb1 Ba6 16. Nd4 Qc7 17. h4 Nxd4 18. Bxd4 Rfc8 19. h5 Nc5 20. Bxc5 Qxc5 21. Qxc5
Rxc5 22. g3 Bxf1 23. Rhxf1 Rac8 24. Rf2 Rc4 25. Re2 h6 26. Rd3 Kh7 27. a3 g6
28. hxg6+ Kxg6 29. Rh2 Re4 30. Ka2 Re1 31. axb4 axb4 32. Rd4 Ra8+ 33. Kb3 Re3+
34. Rd3 Re4 35. Rd1 Re3+ 36. Rd3 Re4 37. Rd1 Re3+ 1/2-1/2

[Event "Aeroflot op"]
[Site "Moscow RUS"]
[Date "2004.02.17"]
[Round "1"]
[White "Maletin, Pavel"]
[Black "Spraggett, Kevin"]
[Result "1/2-1/2"]
[WhiteElo "2429"]
[BlackElo "2536"]
[PlyCount "171"]
[EventDate "2004.02.17"]
[EventType "swiss"]
[EventRounds "9"]
[EventCountry "RUS"]
[Source "ChessBase"]
[SourceDate "2004.11.15"]

1. Nf3 Nf6 2. g3 b6 3. Bg2 Bb7 4. O-O c5 5. c4 e6 6. Nc3 Be7 7. Re1 d6 8. e4
Nbd7 9. d4 cxd4 10. Nxd4 Qc7 11. Ndb5 Qb8 12. Be3 a6 13. Nd4 O-O 14. g4 Rc8 15.
g5 Ne8 16. Bh3 Nf8 17. Qe2 b5 18. cxb5 axb5 19. Ndxb5 Ba6 20. a4 Bd8 21. Reb1
Ba5 22. b4 Rxc3 23. bxa5 Qd8 24. Qd2 Rc4 25. Rb4 Rxb4 26. Qxb4 Ng6 27. f4 e5
28. fxe5 Nxe5 29. Bg2 Bc8 30. Nd4 Rxa5 31. Nf5 Ra8 32. Rd1 Bd7 33. Nxd6 Bxa4
34. Rd5 Nxd6 35. Rxd6 Qe8 36. Bd4 Rb8 37. Rb6 Rc8 38. Bb2 Nd3 39. Qd4 Nxb2 40.
Qxb2 Bc6 41. Rb4 Ba8 42. Bh3 Rd8 43. Rd4 Rxd4 44. Qxd4 Bxe4 45. Bg2 Bxg2 46.
Kxg2 h6 47. h4 Qe2+ 48. Kg3 Qe1+ 49. Kg2 Qe6 50. Kg3 Qg6 51. Kf4 Kh7 52. Qd5
hxg5+ 53. hxg5 Qc2 54. Kg4 Qa4+ 55. Kf5 g6+ 56. Ke5 Kg7 57. Qd8 Qc4 58. Qf6+
Kh7 59. Qd8 Qb4 60. Qd7 Kg7 61. Qd8 Qc4 62. Qf6+ Kh7 63. Qd8 Qg4 64. Qd2 Qf5+
65. Kd6 Qe6+ 66. Kc5 Qc8+ 67. Kb4 Qb8+ 68. Kc4 Qc7+ 69. Kb5 Qe5+ 70. Kc4 Kg7
71. Qd8 Qb2 72. Kd3 Qe5 73. Kd2 Qe6 74. Kd3 f5 75. gxf6+ Qxf6 76. Qc7+ Kf8 77.
Qc8+ Kf7 78. Qc7+ Kg8 79. Qc8+ Kg7 80. Qd7+ Kh6 81. Qh3+ Kg5 82. Qg3+ Kh5 83.
Qh2+ Qh4 84. Qe5+ g5 85. Ke2 Qg4+ 86. Kf2 1/2-1/2

[Event "Aeroflot op"]
[Site "Moscow RUS"]
[Date "2004.02.18"]
[Round "2"]
[White "Spraggett, Kevin"]
[Black "Abergel, Thal"]
[Result "1-0"]
[WhiteElo "2536"]
[BlackElo "2441"]
[PlyCount "61"]
[EventDate "2004.02.17"]
[EventType "swiss"]
[EventRounds "9"]
[EventCountry "RUS"]
[Source "ChessBase"]
[SourceDate "2004.11.15"]

1. e4 c5 2. Nf3 Nc6 3. d4 cxd4 4. Nxd4 Nf6 5. Nc3 d6 6. Bg5 Bd7 7. f3 a6 8. Qd2
e6 9. O-O-O b5 10. Nxc6 Bxc6 11. Kb1 Qb6 12. Ne2 Be7 13. Nd4 Bd7 14. Be3 Qb7
15. g4 O-O 16. Bd3 Rfd8 17. g5 Ne8 18. h4 e5 19. Nf5 Bxf5 20. exf5 Qxf3 21. f6
Bf8 22. h5 Qb7 23. fxg7 Bxg7 24. g6 fxg6 25. hxg6 e4 26. Qg2 d5 27. Qh3 hxg6
28. Qh7+ Kf7 29. Rhf1+ Nf6 30. Bg5 Rd6 31. Bxe4 1-0

[Event "Aeroflot op"]
[Site "Moscow RUS"]
[Date "2004.02.22"]
[Round "6"]
[White "Spraggett, Kevin"]
[Black "Eljanov, Pavel"]
[Result "1-0"]
[WhiteElo "2536"]
[BlackElo "2596"]
[PlyCount "106"]
[EventDate "2004.02.17"]
[EventType "swiss"]
[EventRounds "9"]
[EventCountry "RUS"]
[Source "ChessBase"]
[SourceDate "2004.11.15"]

1. e4 c5 2. Nf3 Nc6 3. d4 cxd4 4. Nxd4 Nf6 5. Nc3 e5 6. Ndb5 d6 7. Bg5 a6 8.
Na3 b5 9. Nd5 Be7 10. Bxf6 Bxf6 11. c3 O-O 12. Nc2 Rb8 13. Be2 Bg5 14. O-O a5
15. Na3 Na7 16. Qd3 Kh8 17. Rfe1 Be6 18. Rad1 Qd7 19. Qg3 h6 20. h3 Rfc8 21.
Nc2 b4 22. c4 Nc6 23. b3 Re8 24. Bg4 g6 25. h4 Bd8 26. Bxe6 Qxe6 27. Qe3 Kh7
28. g3 Rc8 29. h5 gxh5 30. Qf3 h4 31. Kg2 hxg3 32. fxg3 Bg5 33. Rf1 Rcd8 34.
Rf2 Rd7 35. Rh1 f6 36. Nce3 Nd4 37. Qh5 Rg7 38. Nf5 Nxf5 39. Rxf5 Kg8 40. Rhf1
Rf7 41. Kh2 Rff8 42. R1f2 Qf7 43. Qf3 Qg6 44. Rg2 Qf7 45. Kh1 Kh7 46. Rf2 Rg8
47. Rh2 Qa7 48. Rg2 Ref8 49. Qe2 Rg7 50. Rgf2 Qd4 51. R5f3 Rgf7 52. Ne3 Qa7 53.
Rf1 Kg7 1-0

[Event "Aeroflot op"]
[Site "Moscow RUS"]
[Date "2004.02.24"]
[Round "8"]
[White "Spraggett, Kevin"]
[Black "Gulko, Boris"]
[Result "1-0"]
[WhiteElo "2536"]
[BlackElo "2597"]
[PlyCount "101"]
[EventDate "2004.02.17"]
[EventType "swiss"]
[EventRounds "9"]
[EventCountry "RUS"]
[Source "ChessBase"]
[SourceDate "2004.11.15"]

1. e4 c5 2. Nf3 Nc6 3. d4 cxd4 4. Nxd4 Nf6 5. Nc3 d6 6. Bc4 Qb6 7. Ndb5 a6 8.
Be3 Qa5 9. Nd4 Ng4 10. Nxc6 bxc6 11. Bd2 Qc7 12. Qe2 g6 13. h3 Nf6 14. O-O Bg7
15. Rad1 O-O 16. Bf4 Nd7 17. Qd2 a5 18. Bh6 Ba6 19. Bxg7 Kxg7 20. Bxa6 Rxa6 21.
b3 Raa8 22. Rfe1 Qb6 23. Na4 Qb4 24. Qc1 Rfd8 25. Re3 Nc5 26. a3 Qb7 27. Nxc5
dxc5 28. Red3 Rxd3 29. Rxd3 a4 30. Qd2 axb3 31. Rxb3 Qa7 32. h4 h5 33. Qc3+ Kg8
34. Qe5 c4 35. Rf3 Qd7 36. g3 Qd6 37. Qc3 Qc5 38. Rd3 e5 39. Kg2 Kf8 40. Rd7
Rxa3 41. Qb2 Kg7 42. Qb8 c3 43. Qe8 Qf8 44. Qxe5+ Kg8 45. Qf6 Qg7 46. Qxc6 Qe5
47. Qc8+ Kg7 48. Qc4 Qe8 49. Qd4+ Kh7 50. Qd5 Kg7 51. Rd8 1-0

[Event "Narciso Yepes mem"]
[Site "Lorca ESP"]
[Date "2004.??.??"]
[Round "?"]
[White "Giaccio, Alfredo"]
[Black "Spraggett, Kevin"]
[Result "0-1"]
[WhiteElo "2484"]
[BlackElo "2586"]
[PlyCount "101"]
[EventDate "2004.??.??"]
[EventType "swiss"]
[EventRounds "9"]
[EventCountry "ESP"]

1. e4 c5 2. Nf3 e6 3. d4 cxd4 4. Nxd4 a6 5. Bd3 Nf6 6. Qe2 d6 7. O-O Nbd7 8.
Nb3 Be7 9. f4 Qc7 10. a4 b6 11. Nc3 Bb7 12. Bd2 O-O 13. Rae1 g6 14. Rf3 Nc5 15.
Nxc5 bxc5 16. Rh3 Rfe8 17. e5 Nd7 18. exd6 Qxd6 19. b3 Nf6 20. Kh1 Rad8 21. Nd1
Nd5 22. Qf1 Bf6 23. Re2 Nb4 24. Bxb4 cxb4 25. Ne3 Bg7 26. Nc4 Qc5 27. Qe1 Rd4
28. Qh4 h6 29. Qf2 Red8 30. Ne5 Qe7 31. Qe3 Qf6 32. Rf2 Re4 33. Qd2 g5 34. Kg1
Rxf4 35. Rxf4 gxf4 36. Nf3 a5 37. Rh5 Qa1+ 38. Qe1 Qxe1+ 39. Nxe1 e5 40. Kf1 e4
41. Bc4 Bc3 42. Be2 Bd5 43. Rxh6 f6 44. Rh4 Be5 45. Bg4 Bc6 46. Be6+ Kg7 47.
Rg4+ Kh6 48. Rh4+ Kg6 49. Rg4+ Kh5 50. g3 fxg3 51. hxg3 0-1

[Event "Narciso Yepes mem"]
[Site "Lorca ESP"]
[Date "2004.??.??"]
[Round "?"]
[White "Jaracz, Pawel"]
[Black "Spraggett, Kevin"]
[Result "1/2-1/2"]
[WhiteElo "2540"]
[BlackElo "2586"]
[PlyCount "32"]
[EventDate "2004.??.??"]
[EventType "swiss"]
[EventRounds "9"]
[EventCountry "ESP"]

1. Nf3 Nf6 2. d4 d5 3. c4 e6 4. g3 Be7 5. Bg2 O-O 6. Qb3 c6 7. O-O Nbd7 8. Nc3
Nb6 9. c5 Nbd7 10. Qc2 b6 11. cxb6 axb6 12. e4 Bb7 13. Rd1 Nxe4 14. Nxe4 dxe4
15. Qxe4 Nf6 16. Qe2 Qc8 1/2-1/2

[Event "Narciso Yepes mem"]
[Site "Lorca ESP"]
[Date "2004.??.??"]
[Round "?"]
[White "Kolev, Atanas"]
[Black "Spraggett, Kevin"]
[Result "0-1"]
[WhiteElo "2540"]
[BlackElo "2586"]
[PlyCount "56"]
[EventDate "2004.??.??"]
[EventType "swiss"]
[EventRounds "9"]
[EventCountry "ESP"]

1. e4 c5 2. Nf3 e6 3. d4 cxd4 4. Nxd4 a6 5. Bd3 Nf6 6. O-O d6 7. c4 Nbd7 8. Nc3
Qc7 9. Qe2 Be7 10. f4 O-O 11. Kh1 Re8 12. Bd2 b6 13. Rae1 Bb7 14. Nf3 g6 15. e5
Nh5 16. Be4 Rad8 17. Bxb7 Qxb7 18. exd6 Bxd6 19. Ne4 Bf8 20. Bc3 f5 21. Neg5
Nc5 22. Nd4 h6 23. Ndxe6 hxg5 24. Nxd8 Rxd8 25. fxg5 Ne4 26. Qf3 Bc5 27. Be5
Re8 28. g4 fxg4 0-1

[Event "Narciso Yepes mem"]
[Site "Lorca ESP"]
[Date "2004.??.??"]
[Round "?"]
[White "Korneev, Oleg"]
[Black "Spraggett, Kevin"]
[Result "1/2-1/2"]
[WhiteElo "2573"]
[BlackElo "2586"]
[PlyCount "66"]
[EventDate "2004.??.??"]
[EventType "swiss"]
[EventRounds "9"]
[EventCountry "ESP"]

1. e4 c5 2. Nf3 e6 3. c3 d5 4. exd5 exd5 5. d4 Nf6 6. Bb5+ Bd7 7. Bxd7+ Nbxd7
8. O-O Be7 9. dxc5 Nxc5 10. Nd4 Qd7 11. Qf3 g6 12. Bh6 Ng4 13. Bf4 O-O 14. Nd2
Rfe8 15. N2b3 Na4 16. Rab1 Bd8 17. Nc1 Nc5 18. Nd3 Nxd3 19. Qxd3 Bb6 20. h3 Ne5
21. Bxe5 Rxe5 22. Nf3 Re4 23. Rbd1 Rd8 24. Rd2 Qa4 25. a3 Qe8 26. Rfd1 h5 27.
Kf1 Qc6 28. Re2 Rde8 29. Rde1 a6 30. Nd2 Rxe2 31. Rxe2 Rxe2 32. Qxe2 Bd8 33.
Nf3 Bf6 1/2-1/2

[Event "Narciso Yepes mem"]
[Site "Lorca ESP"]
[Date "2004.??.??"]
[Round "?"]
[White "Spraggett, Kevin"]
[Black "Peralta, Fernando"]
[Result "1-0"]
[WhiteElo "2586"]
[BlackElo "2509"]
[PlyCount "75"]
[EventDate "2004.??.??"]
[EventType "swiss"]
[EventRounds "9"]
[EventCountry "ESP"]

1. e4 d6 2. d4 Nf6 3. Nc3 g6 4. Be3 c6 5. h3 Nbd7 6. f4 b5 7. a3 e5 8. g4 exf4
9. Bf2 Bg7 10. Qf3 O-O 11. Qxf4 Re8 12. Nge2 Bb7 13. g5 Nh5 14. Qxd6 Bf8 15.
Qh2 b4 16. axb4 Bxb4 17. Qg2 c5 18. d5 Ne5 19. Kd1 Nc4 20. Kc1 Nd6 21. Qg4 Qe7
22. Rg1 a5 23. Bg2 Qe5 24. Na4 Bxd5 25. exd5 Qxe2 26. Qxe2 Rxe2 27. Rf1 Rae8
28. Bf3 Bd2+ 29. Kb1 R2e5 30. Bxc5 Ne4 31. Bxe4 Rxe4 32. Nb6 Ng3 33. Rd1 Re1
34. Ka2 Rxd1 35. Rxd1 Ne4 36. Ba3 Bxg5 37. d6 f5 38. c4 1-0

[Event "Narciso Yepes mem"]
[Site "Lorca ESP"]
[Date "2004.??.??"]
[Round "?"]
[White "Spraggett, Kevin"]
[Black "Pogorelov, Ruslan"]
[Result "1-0"]
[WhiteElo "2586"]
[BlackElo "2412"]
[PlyCount "101"]
[EventDate "2004.??.??"]
[EventType "swiss"]
[EventRounds "9"]
[EventCountry "ESP"]

1. e4 c5 2. Nf3 e6 3. d4 cxd4 4. Nxd4 Nc6 5. Nc3 Qc7 6. Be3 a6 7. Qd2 Nf6 8.
O-O-O Bb4 9. f3 Ne5 10. Nb3 b5 11. Bd4 Be7 12. Qf2 Rb8 13. Kb1 d6 14. g4 O-O
15. g5 Nfd7 16. f4 b4 17. Ne2 Nc4 18. Ng3 Re8 19. h4 e5 20. Bxc4 Qxc4 21. Ba7
exf4 22. Qxf4 Ra8 23. Bd4 Bf8 24. Nf5 Ne5 25. Ne3 Qc6 26. Nd5 a5 27. Rhg1 a4
28. Nc1 Rb8 29. h5 Be6 30. Nf6+ gxf6 31. gxf6+ Ng4 32. Rxg4+ Bxg4 33. Rg1 Kh8
34. Rxg4 Rb5 35. e5 Rc8 36. c3 bxc3 37. Qg5 Rxb2+ 38. Ka1 Rb1+ 39. Kxb1 Qb5+
40. Kc2 Qb2+ 41. Kd1 Qd2+ 42. Qxd2 cxd2 43. Kxd2 Bh6+ 44. Be3 Bxe3+ 45. Kxe3
dxe5 46. Nd3 Rc6 47. Nxe5 Rxf6 48. h6 Rf5 49. Ke4 Rf6 50. Kd5 Rf5 51. Rxa4 1-0

[Event "Narciso Yepes mem"]
[Site "Lorca ESP"]
[Date "2004.??.??"]
[Round "?"]
[White "Spraggett, Kevin"]
[Black "Veingold, Aleksandr"]
[Result "1/2-1/2"]
[WhiteElo "2586"]
[BlackElo "2464"]
[PlyCount "27"]
[EventDate "2004.??.??"]
[EventType "swiss"]
[EventRounds "9"]
[EventCountry "ESP"]

1. e4 c5 2. Nf3 d6 3. d4 cxd4 4. Nxd4 Nf6 5. Nc3 a6 6. Be3 e5 7. Nb3 Be6 8. f3
Nbd7 9. Qd2 Be7 10. O-O-O O-O 11. g4 Rc8 12. Kb1 b5 13. g5 Nh5 14. Rg1 1/2-1/2

[Event "POR-Tch"]
[Site "Lisbon POR"]
[Date "2003.??.??"]
[Round "2.1"]
[White "Spraggett, Kevin"]
[Black "Romero Holmes, Alfonso"]
[Result "1-0"]
[WhiteElo "2530"]
[BlackElo "2530"]
[PlyCount "61"]
[EventDate "2003.08.16"]
[EventType "team"]
[EventRounds "9"]
[EventCountry "POR"]
[Source "LesEchecs.com"]
[SourceDate "2003.03.18"]

1. e4 c5 2. Nf3 d6 3. d4 cxd4 4. Nxd4 Nf6 5. Nc3 g6 6. Bc4 Bg7 7. O-O O-O 8.
Re1 Nc6 9. Nb3 a6 10. Bf1 b5 11. Nd5 e6 12. Nxf6+ Bxf6 13. c3 Bb7 14. Bh6 Re8
15. Qd2 Ne5 16. Rad1 Nc4 17. Bxc4 bxc4 18. Nd4 Qa5 19. Nf3 Qh5 20. Bf4 d5 21.
e5 Bd8 22. h3 d4 23. Nxd4 Bb6 24. Qe3 h6 25. Bxh6 f6 26. Bf4 g5 27. Qg3 Qh4 28.
Qxh4 gxh4 29. exf6 Kf7 30. Nxe6 Bc6 31. Rd6 1-0

[Event "POR-Tch"]
[Site "Lisbon POR"]
[Date "2003.??.??"]
[Round "3.1"]
[White "Dias, Paulo"]
[Black "Spraggett, Kevin"]
[Result "1/2-1/2"]
[WhiteElo "2326"]
[BlackElo "2530"]
[PlyCount "36"]
[EventDate "2003.08.16"]
[EventType "team"]
[EventRounds "9"]
[EventCountry "POR"]
[Source "LesEchecs.com"]
[SourceDate "2003.03.18"]

1. d4 f5 2. g3 Nf6 3. Bg2 g6 4. c4 Bg7 5. Nf3 O-O 6. O-O d6 7. Nc3 c6 8. d5 e5
9. dxe6 Bxe6 10. Qd3 Ng4 11. Ng5 Bc8 12. e4 Na6 13. Qe2 Nc5 14. h3 Nf6 15. exf5
Bxf5 16. Rd1 h6 17. Nf3 Re8 18. Be3 g5 1/2-1/2